|
|
|
|
| LEADER |
00000nab a2200000 a 4500 |
| 001 |
vtls001019323 |
| 003 |
SK-MaSNL |
| 005 |
20260303162034.0 |
| 008 |
040720e19980523xo 0 slo |
| 035 |
|
|
|a SN5252
|
| 040 |
|
|
|a SNSK
|b slo
|c SNSK
|e AACR2
|
| 041 |
0 |
|
|a slo
|
| 044 |
|
|
|a xo
|c SK
|
| 080 |
|
|
|a 82
|2 1981
|
| 080 |
|
|
|a 885.4
|2 1981
|
| 100 |
1 |
|
|a Alexyová, Mariana
|4 aut
|9 860773
|
| 245 |
1 |
0 |
|a Príliš živý príbeh spod litmanovskej hory
|
| 600 |
1 |
7 |
|a Tančáková, Monika,
|d 1950-
|2 SNSK
|9 114432
|
| 650 |
0 |
7 |
|a osobnosti
|2 snkbucl
|9 29820
|
| 651 |
|
7 |
|a Stará Ľubovňa (Slovensko)
|2 SNSK
|9 19193
|
| 651 |
|
7 |
|a Krompachy (Slovensko)
|2 SNSK
|9 43389
|
| 655 |
|
7 |
|a profily
|2 SNSK
|9 341977
|
| 773 |
0 |
8 |
|t Sme
|g Roč. 6, č.117, 23.5.1998
|
| 852 |
|
|
|a ZVYKNI
|b KIS3GCP
|
| 999 |
|
|
|c 2051939
|d 2053869
|